| 000 | 00612cam a2200193 a 4500 | ||
|---|---|---|---|
| 001 | a5075 | ||
| 003 | SIRSI | ||
| 008 | 130101s2012 ua gr 000 0 ara d | ||
| 020 | _a9789773991938 | ||
| 035 | _a(Sirsi) a5015 | ||
| 050 | 4 |
_aT11 _b.D34 2012 |
|
| 100 | 1 | _aدحروج، محمد. | |
| 245 | 1 | 0 |
_aكيف تكتب بحثا علميا / _cمحمد دحروج. |
| 250 | _aط. 1. | ||
| 260 |
_aالجيزة : _bأطلس للنشر و الإنتاج الإعلامي، _c2012. |
||
| 300 |
_a96 ص. ؛ _c24 سم. |
||
| 490 | 0 | _aمكتبة أطلس للغة العربية | |
| 650 | 4 | _aالكتابة العلمية. | |
| 999 |
_c19628 _d19628 |
||